Uttar- aupaniveshik vimarsh aur hindi kavitha/ (Record no. 48552)

000 -LEADER
fixed length control field 00394nam a22001571a 4500
020 ## - INTERNATIONAL STANDARD BOOK NUMBER
ISBN 9788176753111
082 ## - DEWEY DECIMAL CLASSIFICATION NUMBER
Classification number H100 9
Item number RAV/U
100 ## - MAIN ENTRY--AUTHOR NAME
Personal name Ravi P
245 ## - TITLE STATEMENT
Title Uttar- aupaniveshik vimarsh aur hindi kavitha/
Statement of responsibility, etc by Ravi P
260 ## - PUBLICATION, DISTRIBUTION, ETC. (IMPRINT)
Place of publication Hariyana:
Name of publisher Aadhar,
Year of publication 2011.
300 ## - PHYSICAL DESCRIPTION
Number of Pages 200p.
650 ## - SUBJECT ADDED ENTRY--TOPICAL TERM
Topical Term Poetry Hindi Criticism
650 ## - SUBJECT ADDED ENTRY--TOPICAL TERM
Topical Term Literature Hindi
650 ## - SUBJECT ADDED ENTRY--TOPICAL TERM
Topical Term Literature
942 ## - ADDED ENTRY ELEMENTS (KOHA)
Koha item type Book
Holdings
Withdrawn status Lost status Damaged status Not for loan Permanent Location Current Location Date acquired Cost, normal purchase price Full call number Accession Number Cost, replacement price Price effective from Koha item type
        Sree Sankaracharya University of Sanskrit Sree Sankaracharya University of Sanskrit 08.01.2015 300.00 H1009 RAV/U 073083 0.00 08.01.2015 Book
        Sree Sankaracharya University of Sanskrit Sree Sankaracharya University of Sanskrit 08.01.2015 300.00 H1009 RAV/U 073084 0.00 08.01.2015 Book